00839nam a2200217Ii 45000010005000000030009000050080041000140400033000550410008000880820019000961000029001152450099001442640072002433000012003153360026003273370028003533380027003819400050004089990017004589520146004758927CO-ViMGA241108s9999||||xx |||||||||||||| ||und|| aCO-ViMGAbspaerdacCO-ViMGA0 aunk04a347.9861-L864j1 aJ. Emilio López95515410aJurisprudencia civil del tribunal de Medellín sobre el nuevo código de procedimiento civil 1a[Lugar de publicación no identificado] : Derecho colombiano, 1973 avolumen atextbtxt2rdacontent aunmediatedbn2rdamedia avolumebnc2rdacarrier aidficha_siabuc: 8728. -- ficha_no_siabuc:8927 c52580d52580 001040708001aMEVIGERRbMEVIGERRcGENd2006-11-27hVol.1o347.9861-L864jpECA9340r2024-11-26 10:09:17tEj.1w2024-11-26yBKz8728 | 12198